Score 0/40 Timer 05:00
0 Plays Today
Historical Figure Missing Word % Correct
Fidel _____Castro
95.7%
Johann Sebastian _____Bach
93.1%
_____ MandelaNelson
92.6%
_____ the GreatAlexander
91%
_____ DisneyWalt
90.9%
_____ PicassoPablo
89.1%
Mother _____Teresa
88.9%
Benjamin _____Franklin
87.3%
_____ WildeOscar
85.2%
Arthur _____ DoyleConan
84.5%
Franklin _____ RooseveltDelano
83.2%
Martin _____ Burenvan
81.2%
Robert E. _____Lee
79.7%
Bob _____Dylan
78%
Jules _____Verne
75.9%
Leo _____Tolstoy
75.5%
John _____Wayne
75.2%
Alfred _____Nobel
72.7%
_____ KhanGenghis
72.3%
Leif _____Ericson
71.8%
Historical Figure Missing Word % Correct
Archduke _____ FerdinandFranz
71.7%
Jesse _____Owens
69%
Ferdinand _____Magellan
64.8%
John D. _____Rockefeller
64.5%
_____ TeslaNikola
61.7%
William _____Wallace
59.3%
Luciano _____Pavarotti
58.4%
_____ OlivierLaurence
55.6%
Washington _____Irving
54.5%
Emperor _____Hirohito
50.1%
Francis _____Bacon
49.6%
Yuri _____Gagarin
48.1%
_____ JonesQuincy
40.4%
_____ BarcaHannibal
36.4%
Ayatollah _____Khomeini
35.2%
_____ van RijnRembrandt
34.8%
Sun _____-senYat
23.5%
Edward _____Jenner
20.7%
_____ the Magnificent Suleiman
20%
Georgy _____Zhukov
9.1%

Today's Daily Dose

Remove Ads.
Support Sporcle.
Get the best of Sporcle when you Go Orange. This ad-free experience offers more features, more stats, and more fun while also helping to support Sporcle. Thank you for becoming a member.

You're not logged in!

Compare scores with friends on all Sporcle quizzes.
OR
Log In

Show Comments

Extras

Top Quizzes Today


Score Distribution

Your Account Isn't Verified!

In order to create a playlist on Sporcle, you need to verify the email address you used during registration. Go to your Sporcle Settings to finish the process.

Report this User

Report this user for behavior that violates our Community Guidelines.

Details: